Informática docentes (Registro nro. 12540)
[ vista simple ]
| 000 -Cabecera | |
|---|---|
| Campo de control de longitud fija | 00334noi a22001337a 4500 |
| 005 - Fecha y hora de la última transacción | |
| Campo de control | 20241017182952.0 |
| 008 - Elementos de longitud fija--Información general | |
| Campo de control de longitud fija | 200109b xxu||||| |||| 00| 0 spa d |
| 082 ## - Clasificación Decimal Dewey | |
| Número de clasificación | ID |
| 245 ## - Título propiamente dicho | |
| Título | Informática docentes |
| 650 ## - Materia general | |
| Temática (materia general) | SALA DE PROFESORES INFORMÁTICA |
| 650 ## - Materia general | |
| Temática (materia general) | EQUIPO TECNOLÓGICO |
| 650 ## - Materia general | |
| Temática (materia general) | COMPUTADORAS |
| 942 ## - Punto de acceso adicional KOHA | |
| Tipo de ítem KOHA | Computadora |
| Fuente del sistema de clasificación o colocación | Dewey Decimal Classification |
| Signatura completa | Código de barras | Tipo de ítem | En préstamo |
|---|---|---|---|
| ID | ID01 | Computadora | |
| ID | ID02 | Computadora | 01/07/2026 |
| ID | ID03 | Computadora | |
| ID | ID04 | Computadora |